000 00652nam a2200157 4500
999 _c5986
_d5986
008 161207b xxu||||| |||| 00| 0 eng d
022 _a00914169
082 _aDPer 364.05 J82 2014 v. 104, n. 3
100 _918175
_aJakopchek, Kevin
245 _a"Obtaining" the right result:
_ba novel interpretation of the computer fraud and abuse act that provides liability for insider theft without overbreadth/
_cKevin Jakopchek.
260 _aEvanston:
_bNorthwestern University Press,
_c©2014.
300 _av104 n3, pages 605-634;
_c25 cm.
500 _aThe Journal of criminal law and criminology.
650 0 _918176
_aComputer crimes
942 _2ddc
_cPER